<The> currency composition of foreign exchange reserves retrospect and prospect
Enregistré dans:
| Auteur principal: | |
|---|---|
| Autres auteurs: | |
| Format: | Livre |
| Langue: | anglais |
| Publié: |
Washington
International Monetary Fund
2000
|
| Collection: | IMF Working Paper
WP/00/131 |
| Sujets: | |
| Tags: |
Pas de tags, Soyez le premier à ajouter un tag!
|
MARC
| LEADER | 00000nam a2200000 4500 | ||
|---|---|---|---|
| 001 | c124378 | ||
| 005 | 20221221081930.2 | ||
| 041 | 0 | |a eng | |
| 044 | |a US | ||
| 245 | 1 | 0 | |a <The> currency composition of foreign exchange reserves |b retrospect and prospect |c Barry Eichengreen and Donald J. Mathieson |
| 264 | 1 | |a Washington |b International Monetary Fund |c 2000 | |
| 300 | |a 34 s. | ||
| 490 | 1 | |a IMF Working Paper |v WP/00/131 | |
| 830 | 0 | |a IMF Working Paper |v WP/00/131 | |
| 610 | 2 | 0 | |a mena |
| 610 | 2 | 0 | |a devízy |
| 610 | 2 | 0 | |a valuty |
| 610 | 2 | 0 | |a rezervy devízové |
| 100 | 1 | |a Eichengreen, Barry | |
| 700 | 1 | |a Mathieson, Donald J. | |